00000000nam##2200000za#4500
0019.530399
003CaOODSP
00520200327071512
007ta
008150406|1998||||xxc|||||     f|0| 0 fre|d
020 |a0-660-60506-6
040 |aCaOODSP|bfre
041 |aeng
041 |afre
043 |an-cn---
0861 |aBT31-2/1999-III-86
1101 |aCanada. |bConseil du trésor.
24510|aConseil d'examen du prix des médicaments brevetés
260 |aOttawa - Ontario : |bSecrétariat du Conseil du Trésor du Canada |c1998.
300 |aTexte français, 19p. : |borganigramme, tableaux ; |c28 cm.
4901 |aBudget des dépenses 1998-1999, partie III: Rapport sur les plans et les priorités
546 |aBilingue
563 |aCouverture souple
590 |a98-14|b1998-04-03
7760#|tPatented Medicine Prices Review Board, 1998-99 estimates, a report on plans and priorities |w(CaOODSP)9.567678
7760#|tConseil d'examen du prix des médicaments brevetés, 1998-1999, budget des dépenses, un rapport sur les plans et les priorités |w(CaOODSP)9.599009
791 |tPatented Medicine Prices Review Board |eeng|w(CaOODSP)9.530398
830#0|aBudget des dépenses 1998-1999, partie III: Rapport sur les plans et les priorités.|w(CaOODSP)9.508961